000 00629nam a22001937a 4500
999 _c189537
_d189537
005 20220816112106.0
010 _aB-745307
020 _a8181030443
_c750.00
035 _aB-745307
037 _bSeema Publishing House
100 _aGupta, Neetisha
245 _aTheory Of Education/
_cNeetisha Gupta
250 _a1st
260 _aDelhi
_bSeema Publishing House
_c2021
270 _a30/21-A,Ground Floor,Gali No.9 Vishwas Nagar,Shahdra
_bDelhi
_e110032
300 _a292p.
_c22cm(hbk)
942 _2ddc
_cEN
_mGUP
_h370.1